Neutrino emission of supercritical quasi-atom; Soviet Physics Journal; Vol. 31, iss. 3

Bibliografiske detaljer
Parent link:Soviet Physics Journal: Scientific Journal
Vol. 31, iss. 3.— 1988.— [P. 187-191]
Hovedforfatter: Lasukov V. V. Vladimir Vasilievich
Summary:Title screen
On the basis of the theory of electrically weak Weinberg-Salam interactions, the emission of neutrino pairs by a relativistic lepton moving in a electrical undulator is investigated. A relativistic lepton undergoing motion of undulator type is interpreted as a relativistic quasi-atom, which generates electron neutrino radiation sufficiently rapidly for experimental observation.
Режим доступа: по договору с организацией-держателем ресурса
Sprog:engelsk
Udgivet: 1988
Fag:
Online adgang:http://link.springer.com/article/10.1007/BF00898219
Format: MixedMaterials Electronisk Book Chapter
KOHA link:https://koha.lib.tpu.ru/cgi-bin/koha/opac-detail.pl?biblionumber=637541

MARC

LEADER 00000nla0a2200000 4500
001 637541
005 20250423090224.0
035 |a (RuTPU)RU\TPU\network\1693 
090 |a 637541 
100 |a 20140925d1988 k||y0rusy50 ba 
101 0 |a eng 
102 |a US 
135 |a drnn ---uucaa 
181 0 |a i  
182 0 |a b 
200 1 |a Neutrino emission of supercritical quasi-atom  |f V. V. Lasukov 
203 |a Text  |c electronic 
300 |a Title screen 
330 |a On the basis of the theory of electrically weak Weinberg-Salam interactions, the emission of neutrino pairs by a relativistic lepton moving in a electrical undulator is investigated. A relativistic lepton undergoing motion of undulator type is interpreted as a relativistic quasi-atom, which generates electron neutrino radiation sufficiently rapidly for experimental observation. 
333 |a Режим доступа: по договору с организацией-держателем ресурса 
461 |t Soviet Physics Journal  |o Scientific Journal 
463 |t Vol. 31, iss. 3  |v [P. 187-191]  |d 1988 
610 1 |a электронный ресурс 
610 1 |a труды учёных ТПУ 
700 1 |a Lasukov  |b V. V.  |c mathematician  |c Associate Professor of Tomsk Polytechnic University, Candidate of Physical and Mathematical Sciences  |f 1954-  |g Vladimir Vasilievich  |3 (RuTPU)RU\TPU\pers\32635  |9 16547 
801 2 |a RU  |b 63413507  |c 20140925  |g RCR 
850 |a 63413507 
856 4 |u http://link.springer.com/article/10.1007/BF00898219 
942 |c CF